Bienvenue à la Médiathèque de Saint-Andiol
banniere
Accueil Recherche avancée Mon compte
handi1 Rechercher dans le catalogue

Filtre   Mots-clés
  Recherche avancée
 
Lister les dernières nouveautés
 
Lister les livres GROS CARACTERES
 
Lister les périodiques (magazines)

handi1 Qui s'y frotte, s'hippique !

Book Cover
Auteur principal : Laurent Dufreney
Autres auteurs : Miss Prickly
Autres auteurs : Magali Paillat
Titre : Qui s'y frotte, s'hippique !
Support : Livres
Langue : Francais
Publié : 2021 Delcourt Lausanne
Series : A cheval !
Genre : Bande Dessinée (enfants)
Collection : Jeunesse
Sujets :
Étiquettes :
Pas de tags
LEADER 01165nam0a2200253 450
001 16868223
010 |a 978-2-7560-7628-7  |b cart.  |d 10,95 € 
100 |a 20160505d2021 u u0frey01 ba 
101 0 |a fre 
102 |a FR 
200 0 |a Qui s'y frotte, s'hippique !  |f scénario Laurent Dufreney  |g dessin Miss Prickly - couleur Magali Paillat 
207 1 |a   
210 |a Lausanne  |b 27, rue de la Borde  |c Delcourt  |d 2021 
215 |a 48 p.  |c illustrations en couleur  |d 30 cm 
225 1 |a Jeunesse 
300 |a Coup de coeur 
330 |a Bijou, Gossbo, Flash et les autres apprennent à connaître Bella, la nouvelle jument très maladroite avec qui l'expression 'tomber amoureux' prend tout son sens ! Sur ce joyeux bazar, Balou l'imposant cheval de trait débarque avec ses gros sabots ! Pas sûr que ce réconfort réjouisse tout le monde... 
461 0 |t A cheval !  |v 02 
700 0 |a Dufreney  |b Laurent  |f 1979-....  |4 70 
701 0 |a Miss Prickly  |f 1982-....  |4 440 
702 0 |a Paillat  |b Magali  |4 410 
900 |a Bande Dessinée (enfants) 
901 |a Jeunesse 
995 |a Médiathèque  |c Médiathèque  |f 00156008874646  |h 00156008874646  |k BD ACH  |o p  |q j  |r az  |e Médiathèque